000 01290nam a2200325Ia 4500
001 ebr10463997
003 CaPaEBR
006 m u
007 cr cn|||||||||
008 860804s2002 enk sb 001 0 eng d
020 _z9781855759718
040 _aCaPaEBR
_cCaPaEBR
035 _a(OCoLC)300549948
050 1 4 _aBF697
_b.F759 2002eb
100 1 _aFordham, Michael,
_d1905-
245 1 0 _aExplorations into the self
_h[electronic resource] /
_cMichael Fordham.
260 _aLondon ;
_aNew York :
_bKarnac,
_c2002.
300 _axiii, 235 p.
490 1 _aThe Library of analytical psychology ;
_vv.7
500 _a"Published for Society of Analytical Psychology, London by Karnac".
504 _aIncludes index and bibliographical references.
533 _aElectronic reproduction.
_bPalo Alto, Calif. :
_cebrary,
_d2011.
_nAvailable via World Wide Web.
_nAccess may be limited to ebrary affiliated libraries.
650 0 _aSelf.
650 0 _aPsychology.
655 7 _aElectronic books.
_2local
710 2 _aSociety of Analytical Psychology.
710 2 _aebrary, Inc.
830 0 _aLibrary of analytical psychology ;
_vv. 7.
856 4 0 _uhttp://site.ebrary.com/lib/rucke/Doc?id=10463997
_zAn electronic book accessible through the World Wide Web; click to view
999 _c231775
_d231775